German painting from the 14th to the 16th centuries (Record no. 7487)

MARC details
000 -CABECERA
campo de control de longitud fija 00706nam a2200229 a 4500
001 - NÚMERO DE CONTROL
campo de control BRCA_7813
005 - FECHA Y HORA DE LA ÚLTIMA TRANSACCIÓN
campo de control 20190320210015.0
008 - DATOS DE LONGITUD FIJA--INFORMACIÓN GENERAL
campo de control de longitud fija 161013s1958----enka######---#000-0#eng-#
041 ## - CÓDIGO DE LENGUA
Código de lengua del texto/banda sonora o título independiente eng
044 ## - CÓDIGO DEL PAÍS DE LA ENTIDAD EDITORA/PRODUCTORA
Código MARC del país enk
050 #4 - SIGNATURA TOPOGRÁFICA DE LA BIBLIOTECA DEL CONGRESO
Número de clasificación ND565
Número de documento/Ítem .D47 1958
100 1# - ENTRADA PRINCIPAL--NOMBRE DE PERSONA
Nombre de persona Descargues, Pierre
9 (RLIN) 2245
245 10 - MENCIÓN DE TÍTULO
Título German painting from the 14th to the 16th centuries
Mención de responsabilidad, etc. by Pierre Descargues ; tr. from the french by Stuart Hood.
260 ## - PUBLICACIÓN, DISTRIBUCIÓN, ETC.
Lugar de publicación, distribución, etc. Londres
Nombre del editor, distribuidor, etc. Thames & Hudson
Fecha de publicación, distribución, etc. c1958
300 ## - DESCRIPCIÓN FÍSICA
Extensión 96 p.
Otras características físicas il. a color, 48 láminas
Dimensiones 22 cm.
500 ## - NOTA GENERAL
Nota general X102
650 14 - PUNTO DE ACCESO ADICIONAL DE MATERIA--TÉRMINO DE MATERIA
Término de materia o nombre geográfico como elemento de entrada Pintura alemana
Subdivisión cronológica Siglos XIV a XVI
9 (RLIN) 19351
650 14 - PUNTO DE ACCESO ADICIONAL DE MATERIA--TÉRMINO DE MATERIA
Término de materia o nombre geográfico como elemento de entrada Pintura
Subdivisión de forma Historia
9 (RLIN) 14041
700 1# - PUNTO DE ACCESO ADICIONAL--NOMBRE DE PERSONA
Nombre de persona Hood, Stuart
Término indicativo de función/relación tr.
9 (RLIN) 19352
902 ## - CATALOGADOR
Iniciales GFM
942 ## - ELEMENTOS DE PUNTO DE ACCESO ADICIONAL (KOHA)
Fuente del sistema de clasificación o colocación Library of Congress Classification
Tipo de ítem Koha Libros
Holdings
Estado de retiro Estado de pérdida Estado dañado No para préstamo Localización permanente Ubicación/localización actual Fecha de adquisición Número de inventario Total de préstamos Signatura topográfica completa Código de barras Fecha visto por última vez Precio válido a partir de Tipo de ítem Koha
El ejemplar forma parte de la colección y puede ser consultado según las políticas vigentes.       Biblioteca del Museo Franz Mayer (Rogerio Casas-Alatriste) Biblioteca del Museo Franz Mayer (Rogerio Casas-Alatriste) 16/10/2013 X102   ND565 .D47 1958 (X102) 8422 22/03/2019 22/03/2019 Libros